| 000 | 00359cam a2200145ua 4500 | ||
|---|---|---|---|
| 003 | OSt | ||
| 008 | 250415b |||||||| |||| 00| 0 eng d | ||
| 041 | _aeng | ||
| 082 |
_a624 _bHAM/MO |
||
| 100 |
_aHammend, Rolt . _97405 |
||
| 245 | _aModern civil engineering practice / | ||
| 260 |
_aLondon : _bGeorge Newnes Ltd , _c1961. |
||
| 300 | _a493 ; . | ||
| 942 | _cBK | ||
| 999 |
_c7764 _d7764 |
||